000 00727nam a2200229Ia 4500
003 OSt
005 20260127102633.0
008 210716s2009 xx 000 0 und d
020 _a9788131714829
040 _cAIMIT LIBRARY
041 _aeng
082 _a332.632
_21
_bHULJ
100 _aHull, John.
_9252732
245 _aRisk management and financial institutions /
_cBy John Hull.
250 _a1st ed.
260 _aNew Delhi :
_bPearson Education ,
_c2009.
300 _a516p. ;
_bPB
_c24.5 cm
650 _aFinancial products and how they are used for hedging
_9252733
650 _aInterest rate risk
_9252734
650 _aWeather, energy and insurance derivatives
_9252735
942 _2ddc
_cBK
_e1st
_k332.632 HULJ
999 _c180522
_d180522